| 000 | 00995cam a22003135a 4500 | ||
|---|---|---|---|
| 001 | 016601828 | ||
| 003 | OSt | ||
| 005 | 20160504161324.0 | ||
| 008 | 160201t2014 enka frbd 001 0 eng d | ||
| 020 | _a9781292042435 (paperback) | ||
| 020 | _a1292042435 (paperback) | ||
| 040 |
_aStDuBDS _beng _cStDuBDS _dEG-ScBUE |
||
| 082 | 0 | 4 |
_a617.6 _bTHO _222 |
| 100 | 1 |
_aThomson, Evelyn M. _939924 |
|
| 245 | 1 | 0 |
_aEssentials of dental radiography / _cEvelyn Thomson, Orlen Johnson. |
| 250 | _a9th ed., Pearson new international ed. | ||
| 250 | _a. | ||
| 260 |
_aHarlow : _bPearson Education Limited, _cc.2014. |
||
| 300 |
_aii, 454 p. : _bill. (black and white) ; _c28 cm. |
||
| 500 | _aIndex : p. 447-453. | ||
| 500 | _aGlossary : p. 431-446. | ||
| 504 | _aIncludes bibliographical references. | ||
| 650 | 0 |
_aTeeth _xRadiography. _2BUEsh |
|
| 650 | 0 |
_aDental auxiliary personnel. _xBUEsh |
|
| 651 | _2BUEsh | ||
| 653 |
_bDDent _cMay2016 |
||
| 700 | 1 |
_aJohnson, Orlen N. _939926 |
|
| 942 | _2ddc | ||
| 999 |
_c21706 _d21678 |
||